MARC details
| 000 -LEADER |
| fixed length control field |
01675cam a2200421 i 4500 |
| 001 - CONTROL NUMBER |
| control field |
1472136905 |
| 003 - CONTROL NUMBER IDENTIFIER |
| control field |
OCoLC |
| 005 - DATE AND TIME OF LATEST TRANSACTION |
| control field |
20260115170250.0 |
| 008 - FIXED-LENGTH DATA ELEMENTS--GENERAL INFORMATION |
| fixed length control field |
241119r20242005nyu e 000 1 eng d |
| 020 ## - INTERNATIONAL STANDARD BOOK NUMBER |
| International Standard Book Number |
9781250359735 |
| Qualifying information |
(trade paperback) |
| 020 ## - INTERNATIONAL STANDARD BOOK NUMBER |
| International Standard Book Number |
1250359732 |
| Qualifying information |
(trade paperback) |
| 035 ## - SYSTEM CONTROL NUMBER |
| System control number |
(OCoLC)1472136905 |
| 040 ## - CATALOGING SOURCE |
| Original cataloging agency |
JCX |
| Language of cataloging |
eng |
| Description conventions |
rda |
| Transcribing agency |
JCX |
| Modifying agency |
OCLCO |
| -- |
GP5 |
| -- |
CO2 |
| 049 ## - LOCAL HOLDINGS (OCLC) |
| Holding library |
CO2A |
| 092 ## - LOCALLY ASSIGNED DEWEY CALL NUMBER (OCLC) |
| Item number |
Scalzi |
| Classification number |
adult fiction |
| 100 1# - MAIN ENTRY--PERSONAL NAME |
| Personal name |
Scalzi, John, |
| Dates associated with a name |
1969- |
| Relator term |
author. |
| 9 (RLIN) |
51836 |
| 245 10 - TITLE STATEMENT |
| Title |
Old man's war / |
| Statement of responsibility, etc |
John Scalzi. |
| 250 ## - EDITION STATEMENT |
| Edition statement |
Second Trade Paperback Edition. |
| 264 #1 - Production, Publication, Distribution, Manufacture, and Copyright Notice. |
| Place of production, publication, distribution, manufacture |
New York : |
| Name of producer, publisher, distributor, manufacturer |
TOR, A Tom Doherty Associates Book, |
| Date of production, publication, distribution, manufacture, or copyr |
2024. |
| 264 #4 - Production, Publication, Distribution, Manufacture, and Copyright Notice. |
| Date of production, publication, distribution, manufacture, or copyr |
2005. |
| Place of production, publication, distribution, manufacture |
New York : |
| Name of producer, publisher, distributor, manufacturer |
TOR, A Tom Doherty Associates Book, |
| 300 ## - PHYSICAL DESCRIPTION |
| Extent |
x, 306 pages ; |
| Dimensions |
21 cm. |
| 336 ## - Content Type |
| Content type term |
text |
| 337 ## - Media type |
| Media type term |
unmediated |
| 338 ## - Carrier type |
| Carrier type term |
volume |
| 490 1# - SERIES STATEMENT |
| Series statement |
The old man's war novels. |
| 520 ## - SUMMARY, ETC. |
| Summary, etc |
Enlisting in the army on his seventy-fifth birthday, John Perry joins an interstellar war between Earth and alien enemies who would stake claims on the few existing inhabitable planets, unaware that the conflict involves much more than he understands. |
| 650 #0 - SUBJECT ADDED ENTRY--TOPICAL TERM |
| Topical term or geographic name as entry element |
Life on other planets |
| Form subdivision |
Fiction. |
| 9 (RLIN) |
5674261 |
| 650 #0 - SUBJECT ADDED ENTRY--TOPICAL TERM |
| Topical term or geographic name as entry element |
Space colonies |
| Form subdivision |
Fiction. |
| 9 (RLIN) |
5674262 |
| 650 #0 - SUBJECT ADDED ENTRY--TOPICAL TERM |
| Topical term or geographic name as entry element |
Space warfare |
| Form subdivision |
Fiction. |
| 9 (RLIN) |
5691772 |
| 650 #0 - SUBJECT ADDED ENTRY--TOPICAL TERM |
| Topical term or geographic name as entry element |
Older men |
| Form subdivision |
Fiction. |
| 9 (RLIN) |
5675774 |
| 650 #0 - SUBJECT ADDED ENTRY--TOPICAL TERM |
| Topical term or geographic name as entry element |
Soldiers |
| Form subdivision |
Fiction. |
| 9 (RLIN) |
5685614 |
| 655 #7 - INDEX TERM--GENRE/FORM |
| Genre/form data or focus term |
Novels. |
| Source of term |
lcgft. |
| 655 #7 - INDEX TERM--GENRE/FORM |
| Genre/form data or focus term |
Science fiction. |
| Source of term |
lcgft. |
| 655 #7 - INDEX TERM--GENRE/FORM |
| Genre/form data or focus term |
War fiction. |
| Source of term |
lcgft. |
| 9 (RLIN) |
5706961 |
| 690 ## - LOCAL SUBJECT ADDED ENTRY--TOPICAL TERM (OCLC, RLIN) |
| Topical term or geographic name as entry element |
Science fiction. |
| 800 1# - SERIES ADDED ENTRY--PERSONAL NAME |
| Personal name |
Scalzi, John, |
| Dates associated with a name |
1969- |
| Title of a work |
Old man's war novels ; |
| Volume/sequential designation |
1. |
| 9 (RLIN) |
6558315 |
| 942 ## - ADDED ENTRY ELEMENTS (KOHA) |
| Source of classification or shelving scheme |
Dewey Decimal Classification |
| Koha item type |
BOOK |